000 00933nam a2200217 a 4500
003 0
005 20250616125721.0
008 021114s19uu xx 00 eng d
050 _aPGS PN 1992.8.S78
_b.M685 1999
100 _aMiyake, Paola Jennifer D.
245 _aThe perceptions of grade six male students of Southville International School about watching basketball games on television /
_cPaola Jennifer D. Miyake
260 _aLas PiƱas City, Philippines :
_bSouthville International School and Colleges,
_c1999.
300 _aUnpaged :
_billustrations ;
_c28 cm.
504 _aIncludes bibliographical references.
650 _aTelevision and children
_vPsychological aspects.
650 _aBasketball on television
_vSocial aspects.
650 _aStudy habits
_vJuvenile literature.
650 _aAcademic achievement
_vJuvenile literature.
650 _aTelevision programs
_vInfluence
_vOn students.
942 _2lcc
_cPASS
999 _c96158
_d96158